000 00334nam a2200133 i 4500
001 bg
100 1 _aSTANISŁAWSKI, Jan
245 0 _aWielki słownik angielsko-polski.
_nT. 1,
_pA-N /
_cJan Stanisławski.
260 _aWarszawa,
_c1975.
040 _cBPK
041 _apol
942 _cKS
008 s pl f |000 0 pol
999 _c47110
_d47110
856 _uhttp://koha.tu.koszalin.pl/cgi-bin/koha/opac-detail.pl?biblionumber=47110
_yKatalog online BPK